Intervenční techniky ve třídě ohrožené šikanou

Saved in:
Bibliographic Details
Main Author Šustková, Gabriela (Dissertant)
Other Authors Švec, Vlastimil (Thesis advisor)
Format Manuscript Book
LanguageCzech
Published 2006
Subjects
Online AccessPlný text v Digitální knihovně UTB
Physical Description82 s.

Cover

LEADER 00000ntm a22000007u 4500
001 zp4243
041 |a cze 
100 1 |a Šustková, Gabriela  |4 dis 
245 1 0 |a Intervenční techniky ve třídě ohrožené šikanou 
246 |a Interventional methods in the chicane threatened class 
260 |c 2006 
300 |a 82 s. 
500 |a Studijní obor: Sociální pedagogika 
500 |a Studijní obor: Social pedagogy 
500 |a Ústav: Ústav pedagogických věd 
500 |a Univerzita Tomáše Bati ve Zlíně. Univerzitní institut 
506 |a Bez omezení 
653 |a Šikana 
653 |a třídní kolektiv 
653 |a intervence 
653 |a prevence 
653 |a Chicane 
653 |a clas collective 
653 |a intervention 
653 |a prevention 
655 4 |a bakalářská práce 
700 1 |a Švec, Vlastimil  |4 ths 
710 2 |a Univerzita Tomáše Bati ve Zlíně. Univerzitní institut  |4 dgg 
710 2 |4 dgg 
856 4 0 |u http://hdl.handle.net/10563/1963  |y Plný text v Digitální knihovně UTB